Statistics for County-Level Divisions of Jilin, China

Click here to take the quiz!

General Stats

  • This quiz has been taken 64 times
  • The average score is 38 of 60

Answer Stats

Prefecture-level City 地級市Answer% Correct
Yanbian 延邊Yanji 延吉
97%
Changchun 長春Gongzhuling 公主嶺
93%
Baishan 白山Changbai 長白
83%
Yanbian 延邊Hunchun 琿春
83%
Siping 四平Tiexi 鐵西
83%
Yanbian 延邊Tumen 圖們
83%
Tonghua 通化Meihekou 梅河口
80%
Siping 四平Tiedong 鐵東
80%
Baishan 白山Jingyu 靖宇
77%
Changchun 長春Dehui 德惠
73%
Tonghua 通化Ji'An 集安
73%
Changchun 長春Jiutai 九台
73%
Yanbian 延邊Longjing 龍井
73%
Tonghua 通化Tonghua 通化
73%
Jilin 吉林Yongji 永吉
73%
Yanbian 延邊Dunhua 敦化
70%
Jilin 吉林Huadian 樺甸
70%
Changchun 長春Nong'An 農安
70%
Jilin 吉林Panshi 磐石
70%
Siping 四平Shuangliao 雙遼
70%
Changchun 長春Yushu 榆樹
70%
Changchun 長春Erdao 二道
67%
Siping 四平Lishu 梨樹
67%
Changchun 長春Luyuan 綠園
67%
Changchun 長春Nanguan 南關
67%
Yanbian 延邊Helong 和龍
63%
Changchun 長春Kuancheng 寬城
63%
Yanbian 延邊Wangqing 汪清
63%
Yanbian 延邊Antu 安圖
60%
Changchun 長春Chaoyang 朝陽
60%
Liaoyuan 遼源Dongfeng 東豐
60%
Baishan 白山Fusong 撫松
60%
Jilin 吉林Jiaohe 蛟河
60%
Baishan 白山Linjiang 臨江
60%
Changchun 長春Shuangyang 雙陽
60%
Jilin 吉林Shulan 舒蘭
60%
Baicheng 白城Taonan 洮南
60%
Siping 四平Yitong 伊通
60%
Baicheng 白城Zhenlai 鎮賚
60%
Jilin 吉林Changyi 昌邑
57%
Jilin 吉林Chuanying 船營
57%
Baicheng 白城Da'An 大安
57%
Songyuan 松原Fuyu 扶餘
57%
Songyuan 松原Qianguorluosi 前郭爾羅斯
57%
Tonghua 通化Erdaojiang 二道江
53%
Jilin 吉林Fengman 豐滿
53%
Songyuan 松原Qian'An 乾安
53%
Baicheng 白城Taobei 洮北
53%
Liaoyuan 遼源Dongliao 東遼
50%
Baishan 白山Hunjiang 渾江
50%
Tonghua 通化Liuhe 柳河
50%
Liaoyuan 遼源Xi'An 西安
50%
Songyuan 松原Changling 長嶺
47%
Baishan 白山Jiangyuan 江源
47%
Liaoyuan 遼源Longshan 龍山
47%
Songyuan 松原Ningjiang 寧江
47%
Tonghua 通化Huinan 輝南
43%
Jilin 吉林Longtan 龍潭
40%
Tonghua 通化Dongchang 東昌
37%
Baicheng 白城Tongyu 通榆
37%

Score Distribution

Percentile by Number Answered

Percent of People with Each Score

Your Score History

You have not taken this quiz